[Event "SLO-ch"]
[Site "Skofja Loka"]
[Date "2000.??.??"]
[Round "8"]
[White "Jazbinsek, Sebastjan"]
[Black "Gombac, Jan"]
[Result "0-1"]
[WhiteElo "2217"]
[BlackElo "2215"]
[PlyCount "88"]
[EventDate "2000.11.??"]
[EventType "swiss"]
[EventRounds "6"]
[EventCountry "SLO"]
[SourceTitle "CBM 079 Extra"]
[Source "ChessBase"]
[SourceDate "2001.01.11"]
[SourceVersion "2"]
[SourceVersionDate "2001.01.25"]
[SourceQuality "1"]

1. e4 c5 2. Nf3 Nf6 3. Nc3 d6 4. d4 cxd4 5. Qxd4 Bd7 6. Bg5 Nc6 7. Qd2 Rc8 8. 0-0-0 a6 9. Kb1 b5 10. Bd3 e6 11. Rhe1 Be7 12. e5 dxe5 13. Nxe5 Nxe5 14. Rxe5 h6 15. Bh4 Bb4 16. Qf4 Bxc3 17. bxc3 g5 18. Bxg5 hxg5 19. Rxg5 Qe7 20. Re1 Bc6 21. Qe5 Rf8 22. Rf5 Nd7 23. Qg7 Kd8 24. h4 f6 25. Qg3 Ne5 26. Rh5 Kc7 27. Bg6 Kb8 28. Rh7 Qc5 29. h5 Ka8 30. Qe3 Qxe3 31. Rxe3 Rcd8 32. Kc1 Rd6 33. f4 Nxg6 34. hxg6 Rg8 35. g7 Bd5 36. Rh8 Rdd8 37. Reh3 Kb7 38. f5 exf5 39. Rd3 Kc6 40. Rh6 Rd6 41. Rg3 Kd7 42. Rh8 Ke7 43. Rxg8 Bxg8 44. Rf3 Rd5 0-1

[Event "SLO-ch"]
[Site "Skofja Loka"]
[Date "2000.??.??"]
[Round "?"]
[White "Jazbinsek, Sebastjan"]
[Black "Jeric, Simon"]
[Result "0-1"]
[WhiteElo "2217"]
[BlackElo "2333"]
[PlyCount "76"]
[EventDate "2000.11.??"]
[EventType "swiss"]
[EventRounds "6"]
[EventCountry "SLO"]
[SourceTitle "CBM 079 Extra"]
[Source "ChessBase"]
[SourceDate "2001.01.11"]
[SourceVersion "2"]
[SourceVersionDate "2001.01.25"]
[SourceQuality "1"]

1. Nf3 c5 2. e4 Nf6 3. Nc3 d5 4. exd5 Nxd5 5. Bc4 Nxc3 6. bxc3 Nc6 7. 0-0 e6 8. Qe2 Bd6 9. d4 0-0 10. Bg5 Be7 11. Bxe7 Qxe7 12. Rfe1 Qf6 13. Qe4 cxd4 14. cxd4 Bd7 15. Ne5 Be8 16. Rab1 Rb8 17. Re3 Nxe5 18. dxe5 Qg6 19. Qf4 Bc6 20. Rg3 Qe4 21. Qf6 g6 22. Bd3 Qd4 23. h4 Qd8 24. Qf4 f5 25. h5 Kg7 26. hxg6 hxg6 27. Rh3 Rh8 28. Rxh8 Qxh8 29. Rb4 Qh5 30. Rd4 g5 31. Qd2 Rh8 32. f3 Bxf3 33. Rd7+ Kg6 34. Bxf5+ Kxf5 35. Qd3+ Be4 36. Qf1+ Kxe5 37. Qb5+ Bd5 38. Qb2+ Kf5 0-1

[Event "SLO-ch"]
[Site "Skofja Loka"]
[Date "2000.??.??"]
[Round "?"]
[White "Jazbinsek, Sebastjan"]
[Black "Navinsek, Thomaz"]
[Result "1/2-1/2"]
[WhiteElo "2217"]
[BlackElo "2299"]
[PlyCount "23"]
[EventDate "2000.11.??"]
[EventType "swiss"]
[EventRounds "6"]
[EventCountry "SLO"]
[SourceTitle "CBM 079 Extra"]
[Source "ChessBase"]
[SourceDate "2001.01.11"]
[SourceVersion "2"]
[SourceVersionDate "2001.01.25"]
[SourceQuality "1"]

1. d4 f5 2. e3 Nf6 3. f4 b6 4. Bd3 Bb7 5. Nf3 e6 6. 0-0 c5 7. c3 Nc6 8. a3 Rc8 9. Nbd2 Nd5 10. Qe2 cxd4 11. cxd4 a6 12. Nc4 1/2-1/2

[Event "Bratto opB 5th"]
[Site "Bratto"]
[Date "1999.??.??"]
[Round "1"]
[White "Jazbinsek, Sebastjan"]
[Black "Nunez Vallina, Jose Antonio"]
[Result "0-1"]
[WhiteElo "2222"]
[BlackElo "2380"]
[PlyCount "96"]
[EventDate "1999.??.??"]
[EventType "swiss"]
[EventRounds "7"]
[EventCountry "ITA"]
[SourceTitle "EXT 2003"]
[Source "ChessBase"]
[SourceDate "2002.11.25"]
[SourceVersion "1"]
[SourceVersionDate "2002.11.25"]
[SourceQuality "1"]

1. e4 e5 2. Nf3 Nc6 3. d4 exd4 4. Nxd4 Nf6 5. Nc3 Bb4 6. f3 0-0 7. a3 Ba5 8. Be3 Bxc3+ 9. bxc3 d5 10. Nxc6 bxc6 11. e5 Nd7 12. f4 Qe7 13. Qh5 f6 14. Bd4 c5 15. Bf2 g6 16. Qh6 fxe5 17. fxe5 Qxe5+ 18. Qe3 Qxe3+ 19. Bxe3 Re8 20. Kd2 Nf6 21. Bf4 Ne4+ 22. Kc1 Nxc3 23. Bxc7 Re1+ 24. Kd2 Rxa1 25. Kxc3 Ba6 26. Bxa6 Rxh1 27. Bb7 Re8 28. Bxd5+ Kg7 29. Bc6 Re6 30. Bd5 Re7 31. Bd6 Rd7 32. Be5+ Kh6 33. Bf4+ g5 34. Be6 Re7 35. Bxg5+ Kxg5 36. Bd5 Rxh2 37. Kc4 Rc7 38. Kb5 Rh6 39. c4 Rb6+ 40. Ka5 Re7 41. Ba8 Re3 42. a4 Rc3 43. Be4 Rxc4 44. Bd3 Rd4 45. Bf1 Rb1 46. Ba6 c4 47. Bxc4 Rxc4 48. Ka6 Rxa4# 0-1

[Event "Karl Wagner Memorial 5th"]
[Site "Graz"]
[Date "1998.09.13"]
[Round "9.19"]
[White "Singer, Richard"]
[Black "Jazbinsek, Sebastjan"]
[Result "0-1"]
[WhiteElo "2275"]
[BlackElo "2225"]
[PlyCount "50"]
[EventDate "1998.09.??"]
[EventType "swiss"]
[EventRounds "9"]
[EventCountry "AUT"]
[SourceTitle "EXT 1999"]
[Source "ChessBase"]
[SourceDate "1998.11.16"]
[SourceVersion "1"]
[SourceVersionDate "1998.11.16"]
[SourceQuality "1"]

1. d4 Nf6 2. c4 e6 3. Nf3 b6 4. g3 Bb7 5. Bg2 Bb4+ 6. Bd2 Qe7 7. 0-0 0-0 8. d5 Bxd2 9. Qxd2 exd5 10. Nh4 Ne4 11. Qc2 dxc4 12. Nc3 d5 13. Nxe4 dxe4 14. Rad1 Qe5 15. Qxc4 Na6 16. b4 Rad8 17. Bh3 c5 18. bxc5 Nxc5 19. Ng2 Qb2 20. a3 Ba6 21. Qb4 Qxe2 22. Nf4 Qxd1 23. Rxd1 Rxd1+ 24. Bf1 Bxf1 25. Qb2 Bh3# 0-1

[Event "Karl Wagner Memorial 5th"]
[Site "Graz"]
[Date "1998.09.11"]
[Round "7.14"]
[White "Freitag, Manfred"]
[Black "Jazbinsek, Sebastjan"]
[Result "1-0"]
[WhiteElo "2400"]
[BlackElo "2225"]
[PlyCount "151"]
[EventDate "1998.09.??"]
[EventType "swiss"]
[EventRounds "9"]
[EventCountry "AUT"]
[SourceTitle "EXT 1999"]
[Source "ChessBase"]
[SourceDate "1998.11.16"]
[SourceVersion "1"]
[SourceVersionDate "1998.11.16"]
[SourceQuality "1"]

1. d4 Nf6 2. c4 e6 3. Nf3 b6 4. g3 Bb7 5. Bg2 Bb4+ 6. Nbd2 0-0 7. 0-0 c5 8. dxc5 Bxc5 9. Nb3 Be7 10. Be3 Na6 11. Rc1 Rc8 12. Nbd4 Nb4 13. Qa4 a6 14. a3 Nc6 15. Rfd1 Nxd4 16. Nxd4 Qc7 17. Bh3 Qe5 18. Qb3 Bc5 19. Bg2 Bxg2 20. Kxg2 Ng4 21. Bf4 Qh5 22. h3 Nxf2 23. Kxf2 e5 24. g4 Qh4+ 25. Kg2 exf4 26. Qf3 Rce8 27. Nf5 Qf6 28. b4 Be3 29. Rc2 Re6 30. Rd3 Rfe8 31. Nxe3 Rxe3 32. Rxe3 fxe3 33. Qxf6 gxf6 34. Kf3 Kg7 35. Rc3 Kg6 36. Rd3 Rc8 37. Rd4 Kg5 38. h4+ Kg6 39. Kxe3 Rc6 40. Kd3 h5 41. gxh5+ Kxh5 42. Rxd7 a5 43. Rd4 axb4 44. axb4 f5 45. e3 Rg6 46. Rf4 Rd6+ 47. Kc3 f6 48. c5 bxc5 49. bxc5 Re6 50. Kd4 Kg6 51. Kd3 Rc6 52. Rc4 Kf7 53. Kd4 Ke7 54. Kd5 Re6 55. c6 Re5+ 56. Kd4 Kd8 57. c7+ Kc8 58. Kd3 Re7 59. Ke2 Rh7 60. Kf3 f4 61. Rxf4 Kxc7 62. Kg4 Rh6 63. Rd4 Kc6 64. Kf5 Kc5 65. Ke6 Kc6 66. Rc4+ Kb5 67. Rf4 Kc5 68. Kf7 Kd5 69. Kg7 Rh5 70. Kg6 Rh8 71. h5 Ke6 72. Rxf6+ Ke5 73. Rf7 Ra8 74. h6 Ra1 75. Rf5+ Ke6 76. h7 1-0

[Event "Karl Wagner Memorial 5th"]
[Site "Graz"]
[Date "1998.09.05"]
[Round "1.42"]
[White "Softic, Edin"]
[Black "Jazbinsek, Sebastjan"]
[Result "0-1"]
[WhiteElo "2030"]
[BlackElo "2225"]
[PlyCount "70"]
[EventDate "1998.09.??"]
[EventType "swiss"]
[EventRounds "9"]
[EventCountry "AUT"]
[SourceTitle "EXT 1999"]
[Source "ChessBase"]
[SourceDate "1998.11.16"]
[SourceVersion "1"]
[SourceVersionDate "1998.11.16"]
[SourceQuality "1"]

1. e4 c5 2. Nc3 d6 3. d3 Nc6 4. g3 g6 5. Bg2 Bg7 6. Nh3 Nf6 7. 0-0 0-0 8. Bg5 Nd4 9. f3 h6 10. Be3 e5 11. Qd2 Kh7 12. Ne2 Be6 13. c3 Qd7 14. Nf2 d5 15. cxd4 cxd4 16. Bxd4 exd4 17. e5 Ng8 18. f4 f6 19. Nxd4 fxe5 20. Nxe6 Qxe6 21. fxe5 Qxe5 22. d4 Qd6 23. Ng4 Ne7 24. Ne3 Nc6 25. Nc2 Rad8 26. Rae1 Rxf1+ 27. Bxf1 Qf6 28. Rd1 Re8 29. Bg2 Qd8 30. Qd3 Qb6 31. b3 Nxd4 32. Nxd4 Bxd4+ 33. Qxd4 Re1+ 34. Bf1 Rxd1 35. Qxb6 axb6 0-1

[Event "Pula op 12th"]
[Site "Pula"]
[Date "1998.??.??"]
[Round "6"]
[White "Drei, Andrea"]
[Black "Jazbinsek, Sebastjan"]
[Result "1-0"]
[WhiteElo "2320"]
[BlackElo "2205"]
[PlyCount "83"]
[EventDate "1998.05.??"]
[EventType "swiss"]
[EventRounds "9"]
[EventCountry "CRO"]
[SourceTitle "EXT 2000"]
[Source "ChessBase"]
[SourceDate "1999.11.16"]
[SourceVersion "1"]
[SourceVersionDate "1999.11.16"]
[SourceQuality "1"]

1. e4 c5 2. Nf3 d6 3. d4 cxd4 4. Qxd4 a6 5. c4 Nc6 6. Qd2 Nf6 7. Nc3 g6 8. b3 Bg7 9. Bb2 Qa5 10. Rb1 0-0 11. h3 Qh5 12. Be2 Bh6 13. Qd1 Qa5 14. 0-0 Nh5 15. Nd5 f6 16. Nd4 Nf4 17. Nxc6 bxc6 18. Nxe7+ Kf7 19. Nxc8 Raxc8 20. Bg4 Rcd8 21. Qf3 Ke7 22. g3 Ne6 23. Bxe6 Kxe6 24. Qd3 Kf7 25. Bc3 Qc7 26. Rbd1 Kg8 27. Bb4 c5 28. Qd5+ Qf7 29. Bc3 Qxd5 30. Rxd5 Kf7 31. Rfd1 Ke6 32. b4 cxb4 33. Bxb4 Rf7 34. c5 Bf8 35. cxd6 Rfd7 36. f4 Rb8 37. f5+ gxf5 38. exf5+ Kf7 39. a3 Rb6 40. Kf2 Rc6 41. Kf3 Rc4 42. Rc5 1-0

[Event "Ljubljana op 9th"]
[Site "Ljubljana"]
[Date "1998.??.??"]
[Round "6"]
[White "Kovacevic, Blazimir"]
[Black "Jazbinsek, Sebastjan"]
[Result "1-0"]
[WhiteElo "2395"]
[BlackElo "2205"]
[PlyCount "57"]
[EventDate "1998.06.??"]
[EventType "swiss"]
[EventRounds "9"]
[EventCountry "SLO"]
[SourceTitle "EXT 1999"]
[Source "ChessBase"]
[SourceDate "1998.11.16"]
[SourceVersion "1"]
[SourceVersionDate "1998.11.16"]
[SourceQuality "1"]

1. c4 Nf6 2. Nc3 e6 3. e4 d5 4. cxd5 exd5 5. e5 Ng8 6. d4 c6 7. Bd3 Ne7 8. Nf3 Bg4 9. h3 Bh5 10. 0-0 Na6 11. g4 Bg6 12. Bxa6 bxa6 13. Nh4 h5 14. Bg5 Qc8 15. f4 hxg4 16. hxg4 Bf5 17. gxf5 Nxf5 18. Nxf5 Qxf5 19. Qe2 f6 20. exf6+ Kf7 21. fxg7 Bxg7 22. Rad1 Qh3 23. Qe7+ Kg8 24. Kf2 Rb8 25. Rh1 Bxd4+ 26. Rxd4 Qxh1 27. Qe6+ Kg7 28. Bf6+ Kg6 29. f5+ 1-0